书目信息 |
| 题名: |
初心永恒
|
|
| 作者: | 曹庆文 , 毕爱冬 著 | |
| 分册: | ||
| 出版信息: | 济南 山东文艺出版社 2020.01 |
|
| 页数: | 363页 | |
| 开本: | 24cm | |
| 丛书名: | ||
| 单 册: | ||
| 中图分类: | I253.7 , K826.3=76 | |
| 科图分类: | ||
| 主题词: | 纪实文学--中国--当代 | |
| 电子资源: | ||
| ISBN: | 978-7-5329-5994-5 | |
| 000 | 00940nam0 2200277 450 | |
| 001 | 0120202974367 | |
| 005 | 20201019163438.69 | |
| 010 | @a978-7-5329-5994-5@dCNY59.00 | |
| 100 | @a20200416d2020 em y0chiy50 ea | |
| 101 | 0 | @achi |
| 102 | @aCN@b370000 | |
| 105 | @ay z 000zd | |
| 106 | @ar | |
| 200 | 1 | @a初心永恒@9chu xin yong heng@b专著@f曹庆文,毕爱冬著 |
| 210 | @a济南@c山东文艺出版社@d2020.01 | |
| 215 | @a363页@d24cm | |
| 330 | @a本书是根据淄博原山林场党委书记孙建博的亲身经历创作的纪实文学作品,表现了其新时代下税意进取、敢想敢干的奋斗精神。主要内容包括:尘埃里的绿色萌芽、春天里的厄运、心若在 梦就在、一线生机等。 | |
| 333 | @a一般读者 | |
| 600 | 0 | @a孙建博@f(1959-)@x生平事迹 |
| 606 | 0 | @a纪实文学@y中国@z当代 |
| 690 | @aI253.7@v5 | |
| 690 | @aK826.3=76@v5 | |
| 701 | 0 | @a曹庆文@9cao qing wen@4著 |
| 701 | 0 | @a毕爱冬@9bi ai dong@4著 |
| 801 | 0 | @aCN@b人天书店@c20200416 |
| 905 | @b1288586-89@dI253.7@e1176@f4 | |
| 初心永恒/曹庆文,毕爱冬著.-济南:山东文艺出版社,2020.01 |
| 363页;24cm |
| 使用对象:一般读者 |
| ISBN 978-7-5329-5994-5:CNY59.00 |
| 本书是根据淄博原山林场党委书记孙建博的亲身经历创作的纪实文学作品,表现了其新时代下税意进取、敢想敢干的奋斗精神。主要内容包括:尘埃里的绿色萌芽、春天里的厄运、心若在 梦就在、一线生机等。 |
| ● |
| 相关链接 |
|
|
|
|
正题名:初心永恒
索取号:I253.7/1176
 
预约/预借
| 序号 | 登录号 | 条形码 | 馆藏地/架位号 | 状态 | 备注 |
| 1 | 1288586 | 212885868 | 第一样本阅览室/ [索取号:I253.7/1176] | 在馆 | |
| 2 | 1288587 | 212885877 | 第二借阅区/ [索取号:I253.7/1176] | 在馆 | |
| 3 | 1288588 | 212885886 | 第二借阅区/ [索取号:I253.7/1176] | 在馆 | |
| 4 | 1288589 | 212885895 | 第二借阅区/ [索取号:I253.7/1176] | 在馆 |